000 00496nam a22001932 4500
001 0000004962
005 20170406120237.0
008 141127s xx 000 0 eng d
020 _c$
040 _aYour Holding Symbol
_cYour Holding Symbol
100 1 _aMaetens,Thierry.
245 1 0 _aBible themes a source book.
250 _a ed.
260 _aIndiana :
_bFides,
_c1964.
300 _a502 p. ;
_c cm.
504 _aindex.
650 0 _abible thems.
908 _a141127
999 _c4770
_d4770